مجسموں کا شہر (Record no. 169683)

MARC details
000 -LEADER
fixed length control field 00626nam a22001937a 4500
005 - DATE AND TIME OF LATEST TRANSACTION
control field 20191128171640.0
010 ## - LCCN (DPL NO)
LC control number UR-10638
020 ## - INTERNATIONAL STANDARD BOOK NUMBER
Terms of availability 300.00
International Standard Book Number 9789389002201
035 ## - SYSTEM CONTROL NUMBER
System control number U-9193
037 ## - SOURCE OF ACQUISITION
Source of stock number/acquisition DBAD/PUB
Stock number -
082 ## - DEWEY DECIMAL CLASSIFICATION NUMBER
Classification number ک
100 ## - MAIN ENTRY--PERSONAL NAME
Personal name محمد حنيف خا ن
245 ## - TITLE STATEMENT
Title مجسموں کا شہر
Statement of responsibility, etc محمد حنيف خا ن
246 ## - VARYING FORM OF TITLE
Remainder of title Mujassamon Ka Shahar (Urdu)
Title proper/short title byMohd. Haneef Khan
260 ## - PUBLICATION, DISTRIBUTION, ETC. (IMPRINT)
Place of publication, distribution, etc Delhi
Name of publisher, distributor, etc Educational Publishing House
Date of publication, distribution, etc 2019 ء
270 ## - ADDRESS
Address 3191,Vakil Street, Kucha Pandit,Lal Kuan,
City Delhi
Postal code 110006
Telephone number 01123216162
Fax number -
300 ## - PHYSICAL DESCRIPTION
Extent 244 ص
Dimensions 22 Cm(Hb)
942 ## - ADDED ENTRY ELEMENTS (KOHA)
Source of classification or shelving scheme Dewey Decimal Classification
Item type Urdu Bks
Classification part ک
Call number suffix م ح م
Holdings
Withdrawn status Lost status Not for loan Collection code Home library Current library Date acquired Source of acquisition Cost, normal purchase price Full call number Barcode Copy number Cost, replacement price Koha item type
    Not For Loan Fiction D.B.Act.Division D.B.Act.Division 28/11/2019 DBAD/PUB 300.00 ک م ح م U-9193 1 300.00 Urdu Bks

© Delhi Public Library
Hit Counter
free hit counter